• 首页
  • 本馆介绍
  • 公告通知
  • 最新文献
  • 馆藏检索
  • 电子资源
  • 读者导购
  • 参考咨询
  • 我的图书馆
  • 登录
  • 详细信息显示
  • 放入我的书架
  • 预约/预借图书
  • 作者相关作品
  • 分类相关作品
  • 丛书相关作品
  • 出版社相关作品

书目信息

  • 表格格式
  • 工作单格式
  • 卡片格式
题名:
工程项目管理
    
 
作者: 成虎 , 陈群 著
分册:  
出版信息: 北京   中国建筑工业出版社  2015.3
页数: 413页
开本: 26cm
丛书名:
单 册:
中图分类: F284
科图分类:
主题词: 基本建设项目--ji ben jian she xiang mu--项目管理
电子资源:
ISBN: 978-7-112-17519-2
000 00960nam0 2200265 450
001 2161440723
005 20211003084056.80
010    @a978-7-112-17519-2@dCNY49.00
100    @a20150305d2015 em y0chiy50 ea
101 0  @achi
102    @aCN@b110000
105    @aak a 000yy
106    @ar
200 1  @a工程项目管理@Agong cheng xiang mu guan li@f成虎, 陈群著
205    @a4版
210    @a北京@c中国建筑工业出版社@d2015.3
215    @a413页@c图@d26cm
320    @a有书目 (第412-413页)
330    @a本书以工程项目全过程为主线, 全面论述了工程项目管理的理论、方法和工具, 主要内容包括工程项目的前期策划、系统分析、组织、计划、实施控制、沟通和信息等方面内容, 介绍了目前项目管理中现代信息技术的应用情况和计算机软件的主要功能。
606 0  @a基本建设项目@Aji ben jian she xiang mu@x项目管理
690    @aF284@v5
701  0 @a成虎@Acheng hu@4著
701  0 @a陈群@Achen qun@4著
801  0 @aCN@b百万庄@c20210928
905    @b1302386-89@dF284@e1759=4@f4
    
    工程项目管理/成虎, 陈群著.-4版.-北京:中国建筑工业出版社,2015.3
    413页:图;26cm
    
    
    ISBN 978-7-112-17519-2:CNY49.00
    本书以工程项目全过程为主线, 全面论述了工程项目管理的理论、方法和工具, 主要内容包括工程项目的前期策划、系统分析、组织、计划、实施控制、沟通和信息等方面内容, 介绍了目前项目管理中现代信息技术的应用情况和计算机软件的主要功能。
●
相关链接 在E读中查询图书 在五车中查询图书 在当当中查询图书 在豆瓣中查询图书


正题名:工程项目管理     索取号:F284/1759=4         预约/预借

序号 登录号 条形码 馆藏地/架位号 状态 备注
1 1302386   213023869   第一样本阅览室/ [索取号:F284/1759=4] 在馆    
2 1302387   213023878   第一借阅区/ [索取号:F284/1759=4] 在馆    
3 1302388   213023887   第一借阅区/ [索取号:F284/1759=4] 在馆    
4 1302389   213023896   第一借阅区/ [索取号:F284/1759=4] 在馆    
唐山师范学院图书馆 欢迎您!
大连网信软件有限公司© 版权所有